<?xml version="1.0" encoding="UTF-8"?>
<record
    xmlns:xsi="http://www.w3.org/2001/XMLSchema-instance"
    xsi:schemaLocation="http://www.loc.gov/MARC21/slim http://www.loc.gov/standards/marcxml/schema/MARC21slim.xsd"
    xmlns="http://www.loc.gov/MARC21/slim">

  <leader>01502nam a2200229Ia 4500</leader>
  <controlfield tag="003">SEM</controlfield>
  <controlfield tag="005">20251020115556.0</controlfield>
  <controlfield tag="008">141116s19281927ua ||||gr||||||01|||arm|d</controlfield>
  <datafield tag="040" ind1=" " ind2=" ">
    <subfield code="a">SEM</subfield>
    <subfield code="c">SEM</subfield>
  </datafield>
  <datafield tag="041" ind1=" " ind2=" ">
    <subfield code="a">arm</subfield>
  </datafield>
  <datafield tag="080" ind1=" " ind2=" ">
    <subfield code="a">947.925(&#x54D;&#x583;)/&#x54D;-98</subfield>
  </datafield>
  <datafield tag="100" ind1=" " ind2=" ">
    <subfield code="a">&#x54D;&#x578;&#x582;&#x586;&#x565;&#x561;&#x576;, &#x545;. ; [&#x533;&#x578;&#x582;&#x577;&#x561;&#x56F;&#x575;&#x561;&#x576;, &#x539;&#x578;&#x580;&#x563;&#x578;&#x574; &#x565;&#x57A;&#x57D;&#x2024;]</subfield>
    <subfield code="q">[&#x54D;&#x578;&#x582;&#x586;&#x575;&#x561;&#x576;, &#x545;.]</subfield>
  </datafield>
  <datafield tag="245" ind1=" " ind2=" ">
    <subfield code="a">&#x535;&#x563;&#x56B;&#x57A;&#x57F;&#x578;&#x57D;&#x56B; &#x570;&#x561;&#x575; &#x574;&#x567;&#x574;&#x56C;&#x578;&#x582;&#x584;&#x576;&#x565;&#x580;&#x576; &#x578;&#x582; &#x56B;&#x577;&#x56D;&#x561;&#x576;&#x576;&#x565;&#x580;&#x568; &#x556;&#x561;&#x569;&#x56B;&#x574;&#x565;&#x561;&#x576; &#x577;&#x580;&#x57B;&#x561;&#x576;&#x56B;&#x576; /&#x545;&#x2024; &#x54D;&#x578;&#x582;&#x586;&#x565;&#x561;&#x576; ; &#x535;&#x563;&#x56B;&#x57A;&#x57F;&#x578;&#x57D;&#x56B; &#x570;&#x561;&#x575;&#x578;&#x581; &#x570;&#x56B;&#x576; &#x565;&#x582; &#x561;&#x580;&#x564;&#x56B; &#x565;&#x56F;&#x565;&#x572;&#x565;&#x581;&#x56B;&#x576;&#x565;&#x580;&#x568; &#x565;&#x582; &#x57A;&#x561;&#x57F;&#x574;&#x578;&#x582;&#x569;&#x56B;&#x582;&#x576; &#x577;&#x56B;&#x576;&#x578;&#x582;&#x569;&#x565;&#x561;&#x576; &#x54D;. &#x533;&#x580;&#x56B;&#x563;&#x578;&#x580; &#x53C;&#x578;&#x582;&#x57D;&#x561;&#x582;&#x578;&#x580;&#x56B;&#x579; &#x576;&#x578;&#x580;&#x561;&#x577;&#x567;&#x576; &#x565;&#x56F;&#x565;&#x572;&#x565;&#x581;&#x582;&#x578;&#x575; &#x533;&#x561;&#x570;&#x56B;&#x580;&#x567;&#x56B; / [&#x539;&#x2024; &#x565;&#x57A;&#x57D;&#x2024;&#x533;&#x578;&#x582;&#x577;&#x561;&#x56F;&#x575;&#x561;&#x576;] </subfield>
  </datafield>
  <datafield tag="260" ind1=" " ind2=" ">
    <subfield code="a">&#x533;&#x561;&#x570;&#x56B;&#x580;&#x567; &#x589;</subfield>
    <subfield code="a">[&#x53F;&#x561;&#x570;&#x56B;&#x580;&#x565;] : </subfield>
    <subfield code="b">&#x57F;&#x57A;&#x2024; &#x53C;&#x578;&#x582;&#x57D;&#x561;&#x580;&#x571;&#x561;&#x56F;, </subfield>
    <subfield code="b">&#x57F;&#x57A;&#x2024; &#x545;&#x561;&#x562;&#x567;&#x569;-&#x54A;&#x561;&#x572;&#x57F;&#x561;&#x57D;&#x561;&#x580;,</subfield>
    <subfield code="c">1928&#x2024;</subfield>
  </datafield>
  <datafield tag="300" ind1=" " ind2=" ">
    <subfield code="a">80+122 &#x567;&#x57B; ;</subfield>
    <subfield code="c">22 &#x57D;&#x574;</subfield>
  </datafield>
  <datafield tag="505" ind1=" " ind2=" ">
    <subfield code="a">&#x545;&#x2024; &#x54D;&#x578;&#x582;&#x586;&#x565;&#x561;&#x576; - </subfield>
    <subfield code="t">&#x535;&#x563;&#x56B;&#x57A;&#x57F;&#x578;&#x57D;&#x56B; &#x570;&#x561;&#x575; &#x574;&#x567;&#x574;&#x56C;&#x578;&#x582;&#x584;&#x576;&#x565;&#x580;&#x576; &#x578;&#x582; &#x56B;&#x577;&#x56D;&#x561;&#x576;&#x576;&#x565;&#x580;&#x568; &#x556;&#x561;&#x569;&#x56B;&#x574;&#x565;&#x561;&#x576; &#x577;&#x580;&#x57B;&#x561;&#x576;&#x56B;&#x576;&#x589;</subfield>
    <subfield code="g">1928&#x2024;-80 &#x567;&#x57B;
</subfield>
  </datafield>
  <datafield tag="505" ind1=" " ind2=" ">
    <subfield code="a">[&#x533;&#x578;&#x582;&#x577;&#x561;&#x56F;&#x575;&#x561;&#x576;, &#x539;&#x578;&#x580;&#x563;&#x578;&#x574; &#x565;&#x57A;&#x57D;&#x2024;] -</subfield>
    <subfield code="t">&#x535;&#x563;&#x56B;&#x57A;&#x57F;&#x578;&#x57D;&#x56B; &#x570;&#x561;&#x575;&#x578;&#x581; &#x570;&#x56B;&#x576; &#x565;&#x582; &#x561;&#x580;&#x564;&#x56B; &#x565;&#x56F;&#x565;&#x572;&#x565;&#x581;&#x56B;&#x576;&#x565;&#x580;&#x568; &#x565;&#x582; &#x57A;&#x561;&#x57F;&#x574;&#x578;&#x582;&#x569;&#x56B;&#x582;&#x576; &#x577;&#x56B;&#x576;&#x578;&#x582;&#x569;&#x565;&#x561;&#x576; &#x54D;. &#x533;&#x580;&#x56B;&#x563;&#x578;&#x580; &#x53C;&#x578;&#x582;&#x57D;&#x561;&#x582;&#x578;&#x580;&#x56B;&#x579; &#x576;&#x578;&#x580;&#x561;&#x577;&#x567;&#x576; &#x565;&#x56F;&#x565;&#x572;&#x565;&#x581;&#x582;&#x578;&#x575; &#x533;&#x561;&#x570;&#x56B;&#x580;&#x567;&#x56B;&#x589;</subfield>
    <subfield code="g">1927&#x2024;-122 &#x567;&#x57B;
</subfield>
  </datafield>
  <datafield tag="650" ind1=" " ind2=" ">
    <subfield code="a">&#x54A;&#x561;&#x57F;&#x574;&#x578;&#x582;&#x569;&#x575;&#x578;&#x582;&#x576;</subfield>
    <subfield code="z">&#x535;&#x563;&#x56B;&#x57A;&#x57F;&#x578;&#x57D;</subfield>
  </datafield>
  <datafield tag="650" ind1=" " ind2=" ">
    <subfield code="a">&#x54E;&#x561;&#x576;&#x584;&#x565;&#x580;</subfield>
    <subfield code="x">&#x570;&#x561;&#x575; &#x565;&#x56F;&#x565;&#x572;&#x565;&#x581;&#x56B;</subfield>
  </datafield>
  <datafield tag="653" ind1=" " ind2=" ">
    <subfield code="a">&#x54D;&#x537;&#x544;</subfield>
  </datafield>
  <datafield tag="942" ind1=" " ind2=" ">
    <subfield code="2">udc</subfield>
    <subfield code="c">BK</subfield>
  </datafield>
  <datafield tag="999" ind1=" " ind2=" ">
    <subfield code="c">43256</subfield>
    <subfield code="d">43256</subfield>
  </datafield>
  <datafield tag="952" ind1=" " ind2=" ">
    <subfield code="0">0</subfield>
    <subfield code="1">0</subfield>
    <subfield code="2">udc</subfield>
    <subfield code="4">0</subfield>
    <subfield code="7">0</subfield>
    <subfield code="8">&#x533;&#x580;&#x561;&#x57A;&#x561;&#x570;&#x578;&#x581;</subfield>
    <subfield code="a">SEM</subfield>
    <subfield code="b">SEM</subfield>
    <subfield code="d">2025-10-20</subfield>
    <subfield code="g">2000.00</subfield>
    <subfield code="h">&#x531;&#x56C;&#x56B;&#x563;&#x561;&#x57F;</subfield>
    <subfield code="i">6781</subfield>
    <subfield code="l">0</subfield>
    <subfield code="o">947&#x2024;925(&#x54D;&#x583;)/&#x54D;-98</subfield>
    <subfield code="p">6781</subfield>
    <subfield code="r">2014-11-16</subfield>
    <subfield code="w">2014-11-16</subfield>
    <subfield code="y">BK</subfield>
    <subfield code="z">&#x54D;&#x57A;&#x561;&#x57D;&#x561;&#x580;&#x56F;&#x57E;&#x578;&#x582;&#x574; &#x567; &#x568;&#x576;&#x569;&#x565;&#x580;&#x581;&#x561;&#x57D;&#x580;&#x561;&#x570;</subfield>
  </datafield>
</record>
